Estudios sobre el esperma humano (Registro nro. 84494)
[ vista simple ]
| 000 -LEADER | |
|---|---|
| campo de control de longitud fija | 00803nam a2200193 i 4500 |
| 001 - NÚMERO DE CONTROL | |
| campo de control | 84494 |
| 003 - IDENTIFICADOR DE NÚMERO DE CONTROL | |
| campo de control | ES-MaACL |
| 005 - FECHA Y HORA DE LA ÚLTIMA TRANSACCIÓN | |
| campo de control | 20240206203241.0 |
| 007 - CAMPO FIJO DE DESCRIPCIÓN FÍSICA--INFORMACIÓN GENERAL | |
| campo de control de longitud fija | t| |
| 008 - DATOS DE LONGITUD FIJA--INFORMACIÓN GENERAL | |
| campo de control de longitud fija | 041123s1959 sp ||||1| spa d |
| 100 1# - ENTRADA PRINCIPAL--NOMBRE DE PERSONA | |
| Nombre de persona | Joeel, Charles A. |
| 9 (RLIN) | 66701 |
| 245 10 - MENCIÓN DEL TÍTULO | |
| Título | Estudios sobre el esperma humano |
| Resto del título | : una contribución al diagnóstico / |
| Mención de responsabilidad, etc. | Charles A. Joeel ; traducción directa de la segunda edición alemana completamente revisada y ampliada por Jesús González Merlo ; prólogo y dos notas por J. Botella Llusiá. |
| 260 ## - PUBLICACIÓN, DISTRIBUCIÓN, ETC. | |
| Lugar de publicación, distribución, etc. | Barcelona : |
| Nombre del editor, distribuidor, etc. | Editorial Científico-Médica, |
| Fecha de publicación, distribución, etc. | 1959. |
| 300 ## - DESCRIPCIÓN FÍSICA | |
| Extensión | XIX, 228 p., 15 lám. : |
| Otras características físicas | il. ; |
| Dimensiones | 22 cm. |
| 700 1# - ENTRADA AGREGADA--NOMBRE PERSONAL | |
| Nombre de persona | González-Merlo, J. |
| 9 (RLIN) | 58809 |
| 700 1# - ENTRADA AGREGADA--NOMBRE PERSONAL | |
| Nombre de persona | Botella Llusiá, José, |
| Fechas asociadas al nombre | 1912-2002 |
| 9 (RLIN) | 30758 |
| 852 ## - LOCALIZACIÓN | |
| Ubicación | ES-MaACL |
| Número de control de estantería | C-16450 |
| Sublocalización o colección | R.44344 |
| Estatus retirado | Estado de pérdida | Estado de daño | No para préstamo | Biblioteca de origen | Biblioteca actual | Ubicación en estantería | Fecha de adquisición | Fuente de adquisición | Total de préstamos | Signatura topográfica completa | Código de barras | Visto por última vez | Precio de reemplazo | Tipo de ítem Koha |
|---|---|---|---|---|---|---|---|---|---|---|---|---|---|---|
| Biblioteca del Ateneo de Madrid | Biblioteca del Ateneo de Madrid | Galería | 17/01/2008 | C-16450 | 1088299 | 23/02/2023 | 23/02/2023 | Libro impreso |
